Sports Quiz

Random Sports or NFL Quiz

NFL Multiple-Team States Quiz Stats

 Plays Quiz Updated Feb 8, 2016

Score 0/7 Timer 01:00
23 Plays Today
% Correct
California (49ers, Raiders, Chargers, Rams)
96.3%
Florida (Dolphins, Bucs, Jaguars)
91%
Texas (Texans & Cowboys)
88.5%
New Jersey (Jets & Giants)
67.9%
Ohio (Browns & Bengals)
59.7%
Pennsylvania (Steelers & Eagles)
57.6%
Maryland (Redskins and Ravens)
32.3%

You're not logged in!

Compare scores with friends on all Sporcle quizzes.
OR
Log In

Sporcle TV

Today on Sporcle TV


Watch our educational content, quiz creation guides, and fun videos on Sporcle TV.

Show Comments

Extras

Top Quizzes Today


Score Distribution

Your Account Isn't Verified!

In order to create a playlist on Sporcle, you need to verify the email address you used during registration. Go to your Sporcle Settings to finish the process.

Report this User

Report this user for behavior that violates our Community Guidelines.

Details: